[Event "GER-chT Lands U20"]
[Site "Hannover"]
[Date "2016.10.03"]
[Round "4.5"]
[White "Musiolik, David"]
[Black "Denkert, Anna"]
[Result "0-1"]
[WhiteElo "1911"]
[BlackElo "1733"]
[PlyCount "44"]
[EventDate "2016.10.01"]
[EventType "team-swiss"]
[EventRounds "7"]
[EventCountry "GER"]
[SourceTitle "CBM 174 Extra"]
[Source "ChessBase"]
[SourceDate "2016.10.10"]
[SourceVersion "1"]
[SourceVersionDate "2016.10.10"]
[SourceQuality "1"]
[WhiteTeam "Rheinland Pfalz"]
[BlackTeam "Berlin"]
[WhiteTeamCountry "GER"]
[BlackTeamCountry "GER"]

1. e4 c6 2. d4 d5 3. Nc3 dxe4 4. Nxe4 Bf5 5. Ng3 Bg6 6. h4 h6 7. Nf3 Nd7 8. h5 Bh7 9. Bd3 Bxd3 10. Qxd3 e6 11. Bd2 Ngf6 12. 0-0-0 Be7 13. Kb1 0-0 14. Ne4 c5 15. Be3 Nxe4 16. Qxe4 c4 17. Ne5 c3 18. Qxb7 Rb8 19. Qc6 Rxb2+ 20. Ka1 Rxa2+ 21. Kxa2 Qa5+ 22. Kb3 Qb4+ 0-1

[Event "GER-chT Lands U20"]
[Site "Hannover"]
[Date "2015.10.06"]
[Round "6.6"]
[White "Nguyen, Ha Thanh"]
[Black "Denkert, Anna"]
[Result "0-1"]
[WhiteElo "1696"]
[BlackElo "1690"]
[PlyCount "166"]
[EventDate "2015.10.03"]
[EventType "team-swiss"]
[EventRounds "7"]
[EventCountry "GER"]
[SourceTitle "CBM 168 Extra"]
[Source "ChessBase"]
[SourceDate "2015.10.29"]
[SourceVersion "1"]
[SourceVersionDate "2015.10.29"]
[SourceQuality "1"]
[WhiteTeam "Thueringen (U20)"]
[BlackTeam "Berlin (U20)"]
[WhiteTeamCountry "GER"]
[BlackTeamCountry "GER"]

1. e4 c6 2. d4 d5 3. Nc3 dxe4 4. Nxe4 Bf5 5. Ng3 Bg6 6. Nf3 Nd7 7. Bd3 Bxd3 8. Qxd3 e6 9. Bf4 Qa5+ 10. c3 Ngf6 11. 0-0 Be7 12. Rfd1 0-0 13. Qc2 h6 14. a3 Nd5 15. Bd2 Qc7 16. c4 N5f6 17. Rac1 Rac8 18. Qd3 Rfd8 19. Qe2 Bf8 20. Nf1 c5 21. dxc5 Nxc5 22. Be3 a6 23. b4 Rxd1 24. Qxd1 Ncd7 25. h3 a5 26. Qa4 axb4 27. axb4 Ne5 28. Nxe5 Qxe5 29. b5 Ne4 30. Qc2 Nd6 31. Qd3 Nf5 32. Bd2 Qd4 33. Qe2 Qb2 34. Qe1 Nd4 35. Ne3 Bb4 36. Rd1 Bc5 37. Rb1 Qa2 38. Ra1 Qb3 39. Rb1 Ne2+ 40. Kh1 Qd3 41. Rd1 Bxe3 42. Bxe3 Qxc4 43. b6 Ra8 44. Rd2 Nf4 45. Rd4 Qe2 46. Qxe2 Nxe2 47. Rd7 Rb8 48. Bc5 Rc8 49. Rc7 Rb8 50. Rd7 Rc8 51. Rc7 Rb8 52. Be7 Nf4 53. Bd6 Nd5 54. Rc1 Rd8 55. Bc7 Rc8 56. Kg1 Nxb6 57. Rb1 Rxc7 58. Rxb6 Kf8 59. Kf1 Ke7 60. Rb2 Rd7 61. Ke2 Kd8 62. Ke3 Kc7 63. Ke4 Rd5 64. Rb3 b5 65. Rb4 Kc6 66. Rb2 f5+ 67. Ke3 Re5+ 68. Kd3 Rc5 69. Rb4 e5 70. Rb3 Rc4 71. Rb2 Kc5 72. Rb1 b4 73. Rb3 e4+ 74. Kd2 f4 75. Rb2 Rc3 76. Rb1 Kc4 77. Rb2 b3 78. Kd1 e3 79. fxe3 fxe3 80. Re2 Kd3 81. Rb2 h5 82. g3 g5 83. g4 h4 0-1

[Event "GER-chT Lands U20"]
[Site "Hannover"]
[Date "2015.10.05"]
[Round "4.6"]
[White "Lange, Jannis"]
[Black "Denkert, Anna"]
[Result "0-1"]
[WhiteElo "1550"]
[BlackElo "1690"]
[PlyCount "126"]
[EventDate "2015.10.03"]
[EventType "team-swiss"]
[EventRounds "7"]
[EventCountry "GER"]
[SourceTitle "CBM 168 Extra"]
[Source "ChessBase"]
[SourceDate "2015.10.29"]
[SourceVersion "1"]
[SourceVersionDate "2015.10.29"]
[SourceQuality "1"]
[WhiteTeam "Mecklenburg Vorpommern (U20)"]
[BlackTeam "Berlin (U20)"]
[WhiteTeamCountry "GER"]
[BlackTeamCountry "GER"]

1. e4 c6 2. d4 d5 3. Nc3 dxe4 4. Nxe4 Bf5 5. Ng3 Bg6 6. Nf3 Nd7 7. Bd3 Bxd3 8. Qxd3 e6 9. 0-0 Ngf6 10. Re1 Be7 11. Bd2 Qb6 12. c4 0-0 13. Bc3 Rfd8 14. Qc2 Qc7 15. Rad1 Nb6 16. b3 c5 17. Bb2 cxd4 18. Nxd4 Bc5 19. Nb5 Rxd1 20. Rxd1 Qf4 21. Qd2 Qxd2 22. Rxd2 Ng4 23. Ne4 Bb4 24. Rd1 a6 25. Na3 f6 26. Nc2 Be7 27. h3 Nh6 28. Kf1 Nf7 29. Ne3 Rc8 30. Bd4 Nd7 31. Bc3 Rd8 32. b4 Nde5 33. Rxd8+ Bxd8 34. Ke2 Bb6 35. c5 Bc7 36. f4 Nc6 37. g3 Kf8 38. a4 e5 39. Nd5 Bb8 40. b5 axb5 41. axb5 Na7 42. b6 Nc6 43. Kd3 exf4 44. gxf4 Ke8 45. Kc4 Kd7 46. Bd2 Ke6 47. Be3 Na5+ 48. Kd4 Be5+ 49. fxe5 fxe5+ 50. Kd3 Kxd5 51. Nc3+ Kc6 52. Ne4 Kd5 53. Nc3+ Ke6 54. Nb5 Nc6 55. Ke4 Ne7 56. Nc7+ Kd7 57. Nd5 Ng8 58. Nb4 Nf6+ 59. Kf5 Ke7 60. Nd5+ Nxd5 61. c6 Nd6+ 62. Kxe5 Nxe3 63. c7 Nc8 0-1

[Event "GER-chT Lands U20"]
[Site "Hannover"]
[Date "2015.10.03"]
[Round "1.6"]
[White "Biastoch, Bennet"]
[Black "Denkert, Anna"]
[Result "1-0"]
[WhiteElo "1922"]
[BlackElo "1690"]
[PlyCount "39"]
[EventDate "2015.10.03"]
[EventType "team-swiss"]
[EventRounds "7"]
[EventCountry "GER"]
[SourceTitle "CBM 168 Extra"]
[Source "ChessBase"]
[SourceDate "2015.10.29"]
[SourceVersion "1"]
[SourceVersionDate "2015.10.29"]
[SourceQuality "1"]
[WhiteTeam "Sachsen Anhalt U20"]
[BlackTeam "Berlin (U20)"]
[WhiteTeamCountry "GER"]
[BlackTeamCountry "GER"]

1. e4 c6 2. c4 d5 3. cxd5 cxd5 4. exd5 Nf6 5. Qa4+ Bd7 6. Qb3 Qc7 7. Nc3 g6 8. Nf3 Bg7 9. g3 Bf5 10. d4 0-0 11. Bf4 Qc8 12. Rc1 Na6 13. Bg2 Nh5 14. Be3 b6 15. 0-0 Qb7 16. Ne5 Bxe5 17. dxe5 Qc7 18. d6 exd6 19. Bxa8 Rxa8 20. Nb5 1-0

[Event "GER-ch U16 Girls"]
[Site "Willingen"]
[Date "2015.05.27"]
[Round "6"]
[White "Christiansen, Anna"]
[Black "Denkert, Anna"]
[Result "1/2-1/2"]
[WhiteElo "1345"]
[BlackElo "1738"]
[PlyCount "185"]
[EventDate "2015.05.24"]
[EventType "swiss"]
[EventRounds "9"]
[EventCountry "GER"]
[SourceTitle "CBM 166 Extra"]
[Source "ChessBase"]
[SourceDate "2015.06.18"]
[SourceVersion "1"]
[SourceVersionDate "2015.06.18"]
[SourceQuality "1"]

1. e4 c6 2. Nf3 d5 3. Nc3 Bg4 4. h3 Bxf3 5. Qxf3 e6 6. exd5 cxd5 7. Bb5+ Nc6 8. 0-0 Nf6 9. Ne2 Bd6 10. Bxc6+ bxc6 11. d3 Qb6 12. Ng3 0-0 13. Kh1 Rab8 14. Nh5 Nxh5 15. Qxh5 Bc5 16. Qf3 Bd4 17. c3 Bf6 18. g4 Qd8 19. Rg1 Bg5 20. Bxg5 Qxg5 21. b3 Qd2 22. c4 Rfd8 23. Rgd1 Qc3 24. Qg2 Rd7 25. f4 Rbd8 26. cxd5 Rxd5 27. Rac1 Qd4 28. Rxc6 Qxf4 29. Ra6 Qe3 30. Rd2 g6 31. Re2 Qxd3 32. Rxa7 Qd1+ 33. Kh2 Rd2 34. Ra8 Rxe2 35. Rxd8+ Qxd8 36. Qxe2 Kf8 37. Kg2 Ke7 38. a4 Qa5 39. Kg3 e5 40. Kf3 f5 41. gxf5 gxf5 42. Qc4 Qa8+ 43. Kf2 Qa7+ 44. Ke2 f4 45. Qb4+ Ke6 46. Qc4+ Kf6 47. Qc6+ Kg7 48. Qe4 Qa6+ 49. Qc4 Qb6 50. Qe4 Kf6 51. b4 Qe6 52. a5 Qxh3 53. a6 Qh2+ 54. Kf1 Qh3+ 55. Qg2 Qd3+ 56. Qe2 Qa3 57. b5 f3 58. Qc2 Qe3 59. a7 Qxa7 60. Qc6+ Ke7 61. Qxf3 Qa1+ 62. Kg2 Qb2+ 63. Kg3 Qxb5 64. Qc3 Ke6 65. Qe3 Qb1 66. Kg2 Qg6+ 67. Kh1 Qh5+ 68. Kg2 h6 69. Qb6+ Kf5 70. Qf2+ Ke4 71. Qc2+ Kf4 72. Qf2+ Kg5 73. Qe3+ Kf6 74. Qb6+ Kg7 75. Qc7+ Kf8 76. Qd6+ Kf7 77. Qd7+ Kf6 78. Qd6+ Kf5 79. Qd7+ Ke4 80. Qc6+ Kf4 81. Qc1+ Kf5 82. Qc8+ Kf6 83. Qd8+ Ke6 84. Qc8+ Kd5 85. Qd7+ Ke4 86. Qc6+ Kf4 87. Qc1+ Kf5 88. Qc8+ Kg5 89. Qc1+ Kg6 90. Qc6+ Kg7 91. Qc7+ Kf8 92. Qd6+ Kg7 93. Qc7+ 1/2-1/2

[Event "GER-chT Lands U20"]
[Site "Hannover"]
[Date "2014.10.04"]
[Round "3.6"]
[White "Denkert, Anna"]
[Black "Riegel, Arinna"]
[Result "0-1"]
[WhiteElo "1712"]
[BlackElo "1620"]
[PlyCount "92"]
[EventDate "2014.10.03"]
[EventType "team-swiss"]
[EventRounds "7"]
[EventCountry "GER"]
[SourceTitle "CBM 162 Extra"]
[Source "ChessBase"]
[SourceDate "2014.10.17"]
[SourceVersion "1"]
[SourceVersionDate "2014.10.17"]
[SourceQuality "1"]
[WhiteTeam "Berlin"]
[BlackTeam "Baden II"]
[WhiteTeamCountry "GER"]
[BlackTeamCountry "GER"]

1. e4 d5 2. exd5 Qxd5 3. Nc3 Qd8 4. d4 Nf6 5. Nf3 c6 6. Be3 g6 7. Bc4 Bg7 8. 0-0 0-0 9. Qd2 Bg4 10. Ne5 Bf5 11. Bb3 Nbd7 12. Bh6 Nxe5 13. dxe5 Qxd2 14. Bxd2 Ne4 15. Nxe4 Bxe4 16. Rfe1 Bd5 17. Bxd5 cxd5 18. e6 f5 19. Bg5 Bf6 20. Bh6 Rfc8 21. c3 Rc6 22. Rad1 Rd8 23. Bf4 d4 24. cxd4 Rxd4 25. Bh6 Rxe6 26. Kf1 Rxe1+ 27. Kxe1 Rxd1+ 28. Kxd1 Bxb2 29. Be3 a6 30. Kc2 Be5 31. f4 Bc7 32. Kc3 e5 33. g3 exf4 34. gxf4 Kf7 35. Kc4 Ke6 36. h3 Kd6 37. a4 Kc6 38. Bd2 b5+ 39. axb5+ axb5+ 40. Kd4 b4 41. Kc4 b3 42. Kxb3 Kd5 43. Kc2 Ke4 44. Kd1 Bxf4 45. Be1 Kf3 46. h4 Bg3 0-1

[Event "GER-ch U14 Girls"]
[Site "Magdeburg"]
[Date "2014.06.14"]
[Round "9"]
[White "Sieber, Fiona"]
[Black "Denkert, Anna"]
[Result "1/2-1/2"]
[WhiteElo "2013"]
[BlackElo "1666"]
[PlyCount "46"]
[EventDate "2014.06.08"]
[EventType "swiss"]
[EventRounds "9"]
[EventCountry "GER"]
[SourceTitle "CBM 160 Extra"]
[Source "ChessBase"]
[SourceDate "2014.07.01"]
[SourceVersion "1"]
[SourceVersionDate "2014.07.01"]
[SourceQuality "1"]

1. e4 c6 2. d4 d5 3. e5 Bf5 4. Nf3 e6 5. Be2 f6 6. Bf4 Nd7 7. exf6 Ngxf6 8. Nbd2 Be7 9. h3 0-0 10. 0-0 Qb6 11. Nb3 Ne4 12. Bh2 c5 13. dxc5 Ndxc5 14. Nbd4 Qxb2 15. Rb1 Qa3 16. Nb5 Qa5 17. Bc7 b6 18. Qd4 Bf6 19. Be5 Bxe5 20. Nxe5 Qd2 21. Bd3 Qg5 22. f4 Qe7 23. g4 Qh4 1/2-1/2

[Event "GER-ch U14 Girls"]
[Site "Magdeburg"]
[Date "2014.06.12"]
[Round "7"]
[White "Kail, Sindy"]
[Black "Denkert, Anna"]
[Result "0-1"]
[WhiteElo "1487"]
[BlackElo "1666"]
[PlyCount "130"]
[EventDate "2014.06.08"]
[EventType "swiss"]
[EventRounds "9"]
[EventCountry "GER"]
[SourceTitle "CBM 160 Extra"]
[Source "ChessBase"]
[SourceDate "2014.07.01"]
[SourceVersion "1"]
[SourceVersionDate "2014.07.01"]
[SourceQuality "1"]

1. e4 c6 2. d4 d5 3. Nc3 dxe4 4. Nxe4 Bf5 5. Ng3 Bg6 6. Nf3 Nd7 7. Bd3 Bxd3 8. Qxd3 Ngf6 9. 0-0 e6 10. Bf4 Be7 11. c4 0-0 12. Rfd1 Nb6 13. a3 c5 14. Rac1 Rc8 15. h3 cxd4 16. Qxd4 Bc5 17. Qxd8 Rfxd8 18. Rxd8+ Rxd8 19. b4 Bd6 20. Bxd6 Rxd6 21. c5 Rc6 22. Nd4 Rc8 23. Nb5 a6 24. Nd6 Rc7 25. Nxb7 Rxb7 26. cxb6 g6 27. Rc6 Nd5 28. Ne4 Rxb6 29. Rxb6 Nxb6 30. Nc5 Nc4 31. a4 a5 32. b5 Kf8 33. Kf1 Ke7 34. Ke2 Nb6 35. Nb3 Nxa4 36. Kd3 Kd6 37. Nxa5 Kc5 38. Nb7+ Kxb5 39. Nd8 Nc5+ 40. Kd4 f6 41. Nf7 Nd7 42. Nd8 Nf8 43. g4 g5 44. Ke4 Kb6 45. f4 Kc7 46. Nf7 gxf4 47. Kxf4 Ng6+ 48. Ke4 Kd7 49. Nh6 Ke7 50. g5 fxg5 51. Ng4 h5 52. Nf2 Kd6 53. Nd3 Nf4 54. Nf2 Ng6 55. Nd3 Ke7 56. Ne1 Kf6 57. Nf3 e5 58. Nd2 Nf4 59. Nf3 Nxh3 60. Nxe5 g4 61. Nd3 h4 62. Ne1 Kg5 63. Ng2 Ng1 64. Ke3 h3 65. Kf2 h2 0-1

[Event "Berlin-ch QT"]
[Site "Berlin"]
[Date "2014.04.25"]
[Round "7"]
[White "Ziems, Michael"]
[Black "Denkert, Anna"]
[Result "0-1"]
[WhiteElo "1826"]
[BlackElo "1625"]
[PlyCount "88"]
[EventDate "2014.04.19"]
[EventType "swiss"]
[EventRounds "9"]
[EventCountry "GER"]
[SourceTitle "EXT 2022"]
[Source "ChessBase"]
[SourceDate "2021.10.06"]
[SourceVersion "1"]
[SourceVersionDate "2021.10.06"]
[SourceQuality "1"]

1. d4 Nf6 2. c4 c5 3. dxc5 Qa5+ 4. Nc3 Qxc5 5. e3 g6 6. Nf3 Bg7 7. Be2 0-0 8. 0-0 d6 9. e4 Nc6 10. Be3 Qa5 11. Nd4 Ne5 12. f3 a6 13. Na4 Bd7 14. Nc3 Rac8 15. Qb3 Qc7 16. Nd5 Nxd5 17. cxd5 f5 18. f4 Nf7 19. e5 dxe5 20. fxe5 Bxe5 21. Nf3 Qc2 22. Qxc2 Rxc2 23. Bd3 Rxb2 24. Nxe5 Nxe5 25. Bd4 Nxd3 26. Bxb2 Nxb2 27. Rfb1 Nd3 28. Rxb7 Rd8 29. Rd1 Nc5 30. Rc7 Ne4 31. Ra7 Kf7 32. Rxa6 Bb5 33. Ra5 Bc4 34. Rd4 Rc8 35. h3 Be2 36. Ra7 Kf6 37. Rb4 Rc1+ 38. Kh2 Rc5 39. Rbb7 Rxd5 40. Rxe7 h5 41. Rg7 h4 42. a4 Rd1 43. Rgd7 Rf1 44. g4 Bf3 0-1

[Event "Berlin-ch QT"]
[Site "Berlin"]
[Date "2014.04.24"]
[Round "6"]
[White "Denkert, Anna"]
[Black "Bauer, Stefan"]
[Result "1-0"]
[WhiteElo "1625"]
[BlackElo "1614"]
[PlyCount "63"]
[EventDate "2014.04.19"]
[EventType "swiss"]
[EventRounds "9"]
[EventCountry "GER"]
[SourceTitle "EXT 2022"]
[Source "ChessBase"]
[SourceDate "2021.10.06"]
[SourceVersion "1"]
[SourceVersionDate "2021.10.06"]
[SourceQuality "1"]

1. e4 c5 2. Nc3 e6 3. g3 Nc6 4. Bg2 a6 5. d3 b5 6. Be3 b4 7. Nce2 e5 8. f4 d6 9. Nf3 f6 10. 0-0 Nh6 11. Qe1 Be7 12. h3 Nf7 13. f5 Bb7 14. Rd1 Qa5 15. Ra1 0-0-0 16. Nd2 Qc7 17. a3 g5 18. Nc4 Nd4 19. Bxd4 exd4 20. axb4 d5 21. exd5 Bxd5 22. Bxd5 Rxd5 23. bxc5 Bxc5 24. Rxa6 Kd7 25. Nf4 Re5 26. Nxe5+ fxe5 27. Ne6 Qc8 28. Qe4 Bd6 29. Ra7+ Ke8 30. Ng7+ Kf8 31. Qd5 Qe8 32. Nxe8 1-0

[Event "Berlin-ch QT"]
[Site "Berlin"]
[Date "2014.04.22"]
[Round "4"]
[White "Lange, Cecilia"]
[Black "Denkert, Anna"]
[Result "0-1"]
[WhiteElo "1527"]
[BlackElo "1625"]
[PlyCount "108"]
[EventDate "2014.04.19"]
[EventType "swiss"]
[EventRounds "9"]
[EventCountry "GER"]
[SourceTitle "EXT 2022"]
[Source "ChessBase"]
[SourceDate "2021.10.06"]
[SourceVersion "1"]
[SourceVersionDate "2021.10.06"]
[SourceQuality "1"]

1. e4 e5 2. Nf3 Nf6 3. d4 Nxe4 4. Bd3 d5 5. Nxe5 Bd6 6. 0-0 0-0 7. c4 c6 8. Nc3 Nxc3 9. bxc3 Bxe5 10. dxe5 Be6 11. cxd5 Qxd5 12. Re1 Nd7 13. Bb2 Nxe5 14. Bxh7+ Kxh7 15. Qh5+ Kg8 16. Qxe5 Qxe5 17. Rxe5 Rfd8 18. Ree1 Rd2 19. Ba3 Rad8 20. h3 Bxa2 21. Re7 Bc4 22. Rxb7 a6 23. Rc7 Bb5 24. Bb4 Rc2 25. Re1 Ra2 26. Ra7 g6 27. g3 Bc4 28. Rc7 Bd5 29. Rd1 Re8 30. Re7 Rxe7 31. Bxe7 Bf3 32. Rb1 f5 33. Bf6 Rc2 34. Kf1 Kf7 35. Bd4 Ke6 36. Ke1 Re2+ 37. Kf1 Ra2 38. Ke1 Kd5 39. Bg7 a5 40. Bd4 a4 41. Bg7 c5 42. Rb6 Re2+ 43. Kf1 Rd2 44. Rb1 Kc4 45. Ke1 Re2+ 46. Kf1 Rc2 47. Ke1 a3 48. Ra1 a2 49. Bf6 Rb2 50. Bg7 Rb1+ 51. Rxb1 axb1Q+ 52. Kd2 Qd3+ 53. Kc1 Kb3 54. Bf6 Qd1# 0-1

[Event "North Germany-chT U14 Girls"]
[Site "Guestrow"]
[Date "2013.09.14"]
[Round "3.1"]
[White "Denkert, Anna"]
[Black "Waechter, Nathalie"]
[Result "1/2-1/2"]
[WhiteElo "1614"]
[BlackElo "1816"]
[PlyCount "94"]
[EventDate "2013.09.13"]
[EventType "team-swiss"]
[EventRounds "5"]
[EventCountry "GER"]
[SourceTitle "EXT 2017"]
[Source "ChessBase"]
[SourceDate "2016.10.25"]
[SourceVersion "1"]
[SourceVersionDate "2016.10.25"]
[SourceQuality "1"]
[WhiteTeam "Berlin Empor"]
[BlackTeam "Harksheide"]
[WhiteTeamCountry "GER"]
[BlackTeamCountry "GER"]

1. e4 e5 2. Nf3 Nc6 3. Bb5 a6 4. Bxc6 dxc6 5. 0-0 Bg4 6. h3 h5 7. d3 Qf6 8. Nbd2 Ne7 9. Re1 Ng6 10. d4 Nf4 11. hxg4 hxg4 12. g3 gxf3 13. Qxf3 Ne6 14. Qxf6 gxf6 15. dxe5 fxe5 16. Nc4 f6 17. Be3 0-0-0 18. Rad1 Bc5 19. Kg2 Bxe3 20. Nxe3 Ng5 21. f3 Rhg8 22. Ng4 Rg6 23. Rxd8+ Kxd8 24. Rh1 Nxe4 25. Rh8+ Ke7 26. Rh7+ Ke6 27. fxe4 Rxg4 28. Kf3 Rg8 29. Rxc7 Rb8 30. c4 a5 31. c5 f5 32. exf5+ Kxf5 33. g4+ Ke6 34. Ke4 Rf8 35. Ke3 Rg8 36. Kf3 e4+ 37. Kf4 e3 38. Kxe3 Rxg4 39. Rxb7 Kd5 40. a3 Kxc5 41. Kd3 Rg3+ 42. Kc2 Kc4 43. b3+ Kc5 44. Rb8 Rg2+ 45. Kc3 Rg3+ 46. Kc2 Rg2+ 47. Kc3 Rg3+ 1/2-1/2

[Event "GER-chT North U14 Girls"]
[Site "Guestrow"]
[Date "2012.09.07"]
[Round "1.1"]
[White "Denkert, Anna"]
[Black "Garbere, Diana"]
[Result "1-0"]
[WhiteElo "1678"]
[BlackElo "1125"]
[PlyCount "57"]
[EventDate "2012.09.07"]
[EventType "team-swiss"]
[EventRounds "5"]
[EventCountry "GER"]
[SourceTitle "EXT 2015"]
[Source "ChessBase"]
[SourceDate "2014.11.20"]
[SourceVersion "1"]
[SourceVersionDate "2014.11.20"]
[SourceQuality "1"]
[WhiteTeam "Berlin Empor"]
[BlackTeam "Hamburger SK"]
[WhiteTeamCountry "GER"]
[BlackTeamCountry "GER"]

1. e4 e5 2. Nf3 Nc6 3. Bc4 Nf6 4. d3 Bc5 5. Be3 Bb6 6. 0-0 d6 7. Nbd2 Bg4 8. c3 0-0 9. Re1 d5 10. exd5 Nxd5 11. Bxb6 Nxb6 12. Qb3 Nxc4 13. Qxc4 Re8 14. Qxg4 Qxd3 15. Qe4 Qd6 16. Nc4 Qe6 17. Qe3 Qxc4 18. b3 Qe6 19. Qe4 f6 20. Nd4 Nxd4 21. cxd4 Rad8 22. dxe5 Qxe5 23. Qc4+ Rd5 24. Rxe5 Rexe5 25. f4 Rf5 26. g4 Rxf4 27. Qxd5+ Kf8 28. Qd8+ Kf7 29. Qxc7+ 1-0

[Event "GER-ch U12"]
[Site "Oberhof"]
[Date "2012.05.31"]
[Round "8"]
[White "Denkert, Anna"]
[Black "Edelmann, Jonas"]
[Result "1-0"]
[WhiteElo "1519"]
[BlackElo "1289"]
[PlyCount "63"]
[EventDate "2012.05.27"]
[EventType "swiss"]
[EventRounds "11"]
[EventCountry "GER"]
[SourceTitle "CBM 148 Extra"]
[Source "ChessBase"]
[SourceDate "2012.06.22"]
[SourceVersion "1"]
[SourceVersionDate "2012.06.22"]
[SourceQuality "1"]

1. e4 c5 2. Nc3 e6 3. f4 d6 4. Nf3 Nc6 5. Bb5 Bd7 6. 0-0 Qc7 7. d3 a6 8. Bxc6 Bxc6 9. Qe1 Be7 10. Qg3 g6 11. Be3 b5 12. f5 Nf6 13. fxe6 fxe6 14. Ng5 Bd7 15. Qf3 Rf8 16. Qe2 0-0-0 17. Rf2 h6 18. Nh3 g5 19. d4 c4 20. d5 e5 21. Raf1 Nh7 22. Rf7 Rxf7 23. Rxf7 Bxh3 24. gxh3 Nf6 25. Qf2 Ng8 26. Bb6 Qd7 27. Bxd8 Qxd8 28. Qf5+ Kb8 29. Qe6 Qb6+ 30. Kg2 Qe3 31. Rf3 Qd2+ 32. Rf2 1-0

[Event "BL2 Ost 1112 (Women)"]
[Site "Germany"]
[Date "2011.10.30"]
[Round "2.5"]
[White "Denkert, Anna"]
[Black "Germann, Heike"]
[Result "0-1"]
[WhiteElo "1282"]
[BlackElo "2094"]
[PlyCount "106"]
[EventDate "2011.10.29"]
[EventType "team-tourn"]
[EventRounds "7"]
[EventCountry "GER"]
[SourceTitle "EXT 2013"]
[Source "ChessBase"]
[SourceDate "2012.11.22"]
[SourceVersion "1"]
[SourceVersionDate "2012.11.22"]
[SourceQuality "1"]
[WhiteTeam "Berlin Empor (W)"]
[BlackTeam "Leipzig WBA (W)"]
[WhiteTeamCountry "GER"]
[BlackTeamCountry "GER"]

1. e4 c5 2. Nc3 Nc6 3. f4 e6 4. Nf3 d5 5. Bb5 a6 6. Bxc6+ bxc6 7. 0-0 c4 8. d3 cxd3 9. Qxd3 Bc5+ 10. Kh1 Ne7 11. Na4 Ba7 12. Be3 0-0 13. Bxa7 Rxa7 14. c4 Qa5 15. Nc3 Rd7 16. Ne5 Rdd8 17. cxd5 cxd5 18. exd5 exd5 19. a3 Bb7 20. b4 Qc7 21. Rac1 Qd6 22. Na4 f6 23. Ng4 Bc6 24. Qxa6 Ra8 25. Qb6 Rxa4 26. b5 Rb8 27. Qe3 Bxb5 28. Rfe1 Re4 29. Qg3 Nf5 30. Qf3 Rxe1+ 31. Rxe1 Re8 32. Rxe8+ Bxe8 33. Qd3 Qe6 34. Kg1 Qe1+ 35. Qf1 Qxf1+ 36. Kxf1 Kf7 37. Ke2 Ke6 38. Kd3 Kd6 39. g3 Kc5 40. Kc3 d4+ 41. Kd3 Bb5+ 42. Kd2 Kc4 43. Nf2 Nd6 44. Nd3 Ne4+ 45. Kc2 Ba4+ 46. Kb2 Kxd3 47. g4 Ke2 48. h4 d3 49. g5 d2 50. gxf6 gxf6 51. h5 d1Q 52. f5 Qc2+ 53. Ka1 Bb3 0-1